000 00957nam a2200241 i 4500
001 175325
003 ES-MaACL
005 20250806062552.0
007 t|
008 101021s1967 sp ||||1| spa d
080 _a336.71(460.27 M.)(091)
100 1 _aSanz García, José María.
_9103643
245 1 3 _aLa banca y los banqueros madrileños en el siglo XIX /
_cpor José María Sanz García.
260 _aMadrid :
_bAyuntamiento de Madrid, Delegación de Educación :
_bInstituto de Estudios Madrileños,
_c1967.
300 _a60 p. ;
_c22 cm.
490 1 _aAula de cultura. Curso sobre historia de Madrid ;
_v18
650 4 _aBancos-
_zMadrid-
_vHistoria.
_9143698
710 1 _aMadrid.
_bAyuntamiento.
_bDelegación de Educación.
_9143647
710 2 _aInstituto de Estudios Madrileños
_94916
830 0 _aAula de cultura. Curso sobre historia de Madrid ;
_v18
_9189644
852 _aES-MaACL
_j2260-F-17
_xOlim P-56
999 _c175325
_d175325